000 00471ntaaa2200193 4500
003 01
005 20251027201434.0
008 0714s1973 ag 01
040 _aAR-BaBN
_bspa
_cAR-BaBN
_eaacr
_dRIC
082 _a226.0000 D66
100 _aDodd, C. H.
_9465
245 _aAbout the Gospels
250 _a1 ed.
260 _aCambridge,
_cc1952
300 _a40 p.
650 _aTeología Bíblica
_9313
650 _aBiblia-Nuevo Testamento-Evangelios
_96719
942 _cBK
999 _c8919
_d8919